00282nam a22000977a 4500008004100000020001500041082001600056245005600072260004800128300000800176230621b xxu||||| |||| 00| 0 eng d a0662600886 a328.30bHOC aServing the Member: Procedural and Legal Assistance aCanadabClerk of the House of Commonsc1993 a20p